000
00299nam a2200145Ia 4500
100
_a
Schneier/Brucec
942
_c
BK
654
_a
cryptography
245
_a
Applied cryptography:Protocols
260
_b
Wiley
_c
2002
082
_a
5.82
_b
SCH
300
_a
758
546
_a
ENGLISH
999
_c
26645
_d
26645